| 000 | 00604nam a22001937a 4500 | ||
|---|---|---|---|
| 005 | 20161129151335.0 | ||
| 010 | _aENG-116704 | ||
| 020 |
_a9788184845419 _c980.00 |
||
| 035 | _aEN-100236 | ||
| 037 | _bDBAD/PUB | ||
| 082 | _a345.5405 | ||
| 100 | _aSharma, Raman | ||
| 245 |
_aRights of the accused under indian laws / _cby Raman Sharma _b |
||
| 260 |
_aNew Delhi _bRegal Publications _c2016 |
||
| 270 |
_aF-159, Rajouri Garden _bNew Delhi _e110027 |
||
| 300 |
_axxv,214p. _c23cm(Hb) |
||
| 500 | _aIncludes bibliographical references and index | ||
| 942 |
_2ddc _cEN _h345.5405 _mSHA |
||
| 999 |
_c104831 _d104831 |
||